Ariana Grande - Chansons commençant par P - Statistiques

Statistiques générales
  • Ce quiz a été pris 21 fois
    8 depuis la dernière actualisation
  • Le résultat moyen est 4 sur 7
Statistiques - réponses
P % Correct
Pete davidson
83%
past life
67%
Piano
67%
Positions
67%
POV
50%
Problem
50%
Popular Song
33%
Aucun quiz correspondant
Distribution des résultats
% des personnes avec chaque résultat
Percentile par nombre de réponses
Votre historique - résultats
Vous n’avez pas pris ce quiz depuis la dernière actualisation